Flags with ONLY 3 Stripes - Statistics

General Stats
  • This quiz has been taken 29 times
  • The average score is 25 of 28
Answer Stats
Picture Answer % Correct
Germany
100%
Italy
100%
Romania
100%
Austria
96%
Belgium
96%
Colombia
96%
Cote d'Ivoire
96%
Estonia
96%
France
96%
Ireland
96%
Latvia
96%
Nigeria
96%
Armenia
91%
Chad
91%
Luxembourg
91%
Netherlands
91%
Peru
91%
Russia
91%
Bulgaria
87%
Hungary
87%
Lithuania
87%
Yemen
87%
Gabon
83%
Madagascar
83%
Mali
74%
Sierra Leone
74%
Guinea
70%
Benin
65%
No matching quizzes found
Score Distribution
Percent of People with Each Score
Percentile by Number Answered
Your Score History
You have not taken this quiz